Opportunity makes the thief: practical theory for crime prevention
| Authors: | ; |
|---|---|
| Format: | Print Book |
| Language: | English |
| Published: |
London
Home office, Policing and Reducing Crime Unit
1998
|
| In: |
Police research series (98)
Year: 1998 |
| Edition: | 1. publ. |
| Availability in Tübingen: | Present in Tübingen. IFK: S 154 98 UB: KB 8 E 7484 |
| Check availability: | HBZ Gateway |
| Subito Delivery Service: | Order now. |
MARC
| LEADER | 00000cam a2200000 c 4500 | ||
|---|---|---|---|
| 001 | 1144512778 | ||
| 003 | DE-627 | ||
| 005 | 20251225180933.0 | ||
| 007 | tu | ||
| 008 | 990301s1998 xx ||||| 00| ||eng c | ||
| 020 | |a 1840821590 |9 1-84082-159-0 | ||
| 035 | |a (DE-627)1144512778 | ||
| 035 | |a (DE-576)074512773 | ||
| 035 | |a (DE-599)BSZ074512773 | ||
| 035 | |a (OCoLC)41020072 | ||
| 040 | |a DE-627 |b ger |c DE-627 |e rakwb | ||
| 041 | |a eng | ||
| 082 | 0 | |a 364 | |
| 100 | 1 | |a Felson, Marcus |d 1947- |0 (DE-588)1068120525 |0 (DE-627)819656321 |0 (DE-576)171511174 |4 aut | |
| 109 | |a Felson, Marcus 1947- | ||
| 245 | 1 | 0 | |a Opportunity makes the thief |b practical theory for crime prevention |c Marcus Felson; Ronald V. Clarke |
| 250 | |a 1. publ. | ||
| 264 | 1 | |a London |b Home office, Policing and Reducing Crime Unit |c 1998 | |
| 300 | |a VIII, 35 S. | ||
| 336 | |a Text |b txt |2 rdacontent | ||
| 337 | |a ohne Hilfsmittel zu benutzen |b n |2 rdamedia | ||
| 338 | |a Band |b nc |2 rdacarrier | ||
| 490 | 1 | |a Police research series |v 98 | |
| 583 | 1 | |a Archivierung prüfen |c 20200919 |f DE-640 |z 3 |2 pdager | |
| 700 | 1 | |a Clarke, Ronald V. |d 1941- |0 (DE-588)1041612559 |0 (DE-627)76714239X |0 (DE-576)164880615 |4 aut | |
| 830 | 0 | |a Police research series |v 98 |9 98 |w (DE-627)1102721352 |w (DE-576)032721358 |7 am | |
| 951 | |a BO | ||
| ELC | |b 1 | ||
| LOK | |0 000 xxxxxcx a22 zn 4500 | ||
| LOK | |0 001 2350903044 | ||
| LOK | |0 003 DE-627 | ||
| LOK | |0 004 1144512778 | ||
| LOK | |0 005 20000215000000 | ||
| LOK | |0 008 990322||||||||||||||||ger||||||| | ||
| LOK | |0 040 |a DE-21 |c DE-627 |d DE-21 | ||
| LOK | |0 852 |a DE-21 | ||
| LOK | |0 852 1 |c KB 8 E 7484 |9 00 | ||
| LOK | |0 935 |a krim | ||
| LOK | |0 936ln |a k3.3.1 | ||
| LOK | |0 939 |a 22-03-99 |b l01 | ||
| LOK | |0 000 xxxxxcx a22 zn 4500 | ||
| LOK | |0 001 2350903052 | ||
| LOK | |0 003 DE-627 | ||
| LOK | |0 004 1144512778 | ||
| LOK | |0 005 20020301000000 | ||
| LOK | |0 008 020301||||||||||||||||ger||||||| | ||
| LOK | |0 040 |a DE-21-110 |c DE-627 |d DE-21-110 | ||
| LOK | |0 852 |a DE-21-110 | ||
| LOK | |0 852 1 |c S 154 98 |m p |9 00 | ||
| LOK | |0 935 |a k110 | ||
| LOK | |0 938 |k p | ||
| LOK | |0 939 |a 01-03-02 |b l01 | ||
| ORI | |a SA-MARC-krimdoka001.raw | ||
| SIG | |a IFK: S 154 98 | ||
| SIG | |a UB: KB 8 E 7484 | ||
